000 00584cam a22002177a 4500
001 000730
003 armpunfd
005 20241217171713.0
008 011019e1994####xx#a##########000#0#und#d
040 _aarmpunfd
_carmpunfd
080 _a35 C 271
100 1 0 _a Cassagne, Juan Carlos
245 1 0 _aDerecho administrativo
250 _a4° Ed. Amp. y Act.
260 _a Buenos Aires
_b Abeledo- Perrot
_c1994
300 _a396 P:
650 7 _a Administracion Publica
_2LEMB
650 7 _a Derecho Administrativo
_2LEMB
942 _cLB
_2cdu
945 _aCatalis
_d2010-08-19
999 _c721
_d231225